[Event "35th Zalakaros Open 2016"]
[Site "Zalakaros HUN"]
[Date "2016.05.27"]
[Round "1.46"]
[White "Kantor, Gergely"]
[Black "Gyurkovics, Bence Dr."]
[Result "0-1"]
[WhiteTitle "IM"]
[WhiteElo "2424"]
[BlackElo "2233"]
[WhiteFideId "751499"]
[BlackFideId "731927"]
[EventDate "2016.05.27"]

1. d4 Nf6 2. c4 e6 3. g3 d5 4. Nf3 Be7 5. Bg2 O-O 6. O-O dxc4 7. Qc2 a6 8. a4
Bd7 9. Qxc4 Bc6 10. Bg5 a5 11. Nc3 Na6 12. Bxf6 Bxf6 13. e4 Nb4 14. Rfd1 Rc8 15.
Rac1 Qe8 16. b3 b6 17. e5 Be7 18. Ne1 Bxg2 19. Nxg2 c6 20. Ne3 Qd7 21. f4 Nd5
22. Qd3 g6 23. Nexd5 cxd5 24. Nb5 Bb4 25. Kf1 Rc6 26. Rxc6 Qxc6 27. Qe2 h5 28.
Kf2 Kg7 29. Kf3 Rh8 30. Qd3 Rd8 31. Ke3 Rh8 32. h3 Rd8 33. Rf1 Rh8 34. Rh1 Qd7
35. Rc1 Rc8 36. Rc2 Rc6 37. Ke2 Kf8 38. Kd1 Ke8 39. g4 hxg4 40. hxg4 Rxc2 41.
Qxc2 Kd8 42. Qh2 Qe7 43. Qh7 Kc8 44. Ke2 Kd7 45. Kf3 Ke8 46. f5 gxf5 47. gxf5
exf5 48. Qxf5 Qh4 49. Kg2 Qe1 50. Nc7+ Kd8 51. Nxd5 Qe2+ 52. Kh3 Be7 53. Nxb6
Qe3+ 54. Kg2 Qe2+ 55. Kh3 Qe3+ 56. Kg2 Qe2+ 57. Kg3 Qe1+ 58. Kh2 Qe2+ 59. Kg1
Qe1+ 60. Kg2 Qe2+ 61. Qf2 Qg4+ 62. Kf1 Qd1+ 63. Kg2 Qg4+ 64. Qg3 Qe2+ 65. Kh3
Qh5+ 66. Kg2 Qe2+ 67. Kh1 Qf1+ 68. Kh2 Qe2+ 69. Qg2 Qh5+ 70. Kg3 Qg6+ 71. Kf3
Qxb6 72. Qg8+ Kd7 73. Qg4+ Qe6 74. d5 Qxg4+ 75. Kxg4 f6 76. d6 Bd8 77. Kf5 fxe5
78. Kxe5 Bh4 79. Kd5 Be1 80. Kc5 Bb4+ 81. Kd5 Bxd6 82. Kc4 Kc6 83. Kd4 Ba3 84.
Kc4 Bc5 85. Kd3 Kd5 86. Kc3 Ke4 87. Kc4 Bb4 0-1

[Event "35th Zalakaros Open 2016"]
[Site "Zalakaros HUN"]
[Date "2016.05.27"]
[Round "1.47"]
[White "Szalanczy, Emil"]
[Black "Dragnev, Valentin"]
[Result "1/2-1/2"]
[WhiteTitle "IM"]
[BlackTitle "IM"]
[WhiteElo "2218"]
[BlackElo "2423"]
[WhiteFideId "700347"]
[BlackFideId "1634852"]
[EventDate "2016.05.27"]

1. e4 e5 2. Nf3 Nc6 3. Bb5 a6 4. Ba4 Nf6 5. O-O Be7 6. Re1 b5 7. Bb3 d6 8. c3
O-O 9. h3 Nb8 10. d4 Nbd7 11. Nbd2 Bb7 12. Bc2 Re8 13. Nf1 Bf8 14. Ng3 g6 15.
Bg5 h6 16. Bd2 Bg7 17. a4 c5 18. d5 c4 19. Qc1 Kh7 20. axb5 axb5 21. Rxa8 Qxa8
22. Nh4 Ng8 23. Qa1 Bf6 24. Nf3 Rc8 25. h4 Bd8 26. h5 Bb6 27. Qd1 Rf8 28. Nh2
Qd8 29. Be3 Nc5 30. Qf3 Bc8 31. Ng4 Bd7 32. Ra1 Kg7 33. Nh2 Qh4 34. hxg6 fxg6
35. Qe2 Qe7 36. Qd2 Kh7 37. Rf1 Qh4 38. Nf3 Qe7 39. Nh2 Rf7 40. Ra1 Qf8 41. Rf1
Ne7 42. Qe2 Qa8 43. Ng4 Ng8 44. Nh2 Rf8 45. Nf3 Kg7 46. Qd2 Qa2 47. Qc1 Ra8 48.
Nd2 Qa7 49. Nf3 Kh7 50. Ne1 Qa1 51. Bb1 Nb3 52. Qc2 Qa7 53. Bxb6 Qxb6 54. Qd1 b4
55. Nc2 bxc3 56. bxc3 Nf6 57. Ne3 Bb5 58. Bc2 Qa5 59. Bxb3 cxb3 60. c4 Ba4 61.
Qf3 Qd8 62. Rb1 Rb8 63. Rb2 Bd7 64. Ngf1 Kg7 65. c5 dxc5 66. Nc4 Qe7 67. Nfd2
Ng4 68. Qg3 Rb4 69. Rxb3 h5 70. f3 h4 71. Qe1 Nh6 72. Qe3 h3 73. g3 Nf7 74. Kh2
Qf6 75. Qc3 Bg4 76. f4 Kh7 77. Nxe5 Rxb3 78. Nxb3 Qa6 79. Nxg4 Qe2+ 80. Kxh3
Qf1+ 81. Kh2 Qe2+ 82. Kh3 Qf1+ 83. Kh2 Qe2+ 84. Kg1 Qxg4 85. Nxc5 Qd1+ 86. Kg2
Qe2+ 87. Kg1 Qd1+ 88. Kg2 Qe2+ 89. Kg1 1/2-1/2

[Event "35th Zalakaros Open 2016"]
[Site "Zalakaros HUN"]
[Date "2016.05.27"]
[Round "1.48"]
[White "Konopka, Michal"]
[Black "Paszewski, Mateusz"]
[Result "1/2-1/2"]
[WhiteTitle "IM"]
[WhiteElo "2418"]
[BlackElo "2218"]
[WhiteFideId "308633"]
[BlackFideId "1141058"]
[EventDate "2016.05.27"]

1. Nf3 d5 2. d4 Nf6 3. c4 c6 4. Qb3 dxc4 5. Qxc4 Bf5 6. g3 e6 7. Bg2 Nbd7 8. O-O
Be7 9. Nc3 O-O 10. Re1 Ne4 11. Bf4 Nxc3 12. Qxc3 Be4 13. Ne5 Bxg2 14. Kxg2 Nxe5
15. Bxe5 Bd6 16. Red1 Qe7 17. Bxd6 Qxd6 18. a3 Rfd8 19. Rac1 Rd7 20. Qc5 a6 21.
e3 Rad8 22. Qxd6 Rxd6 23. Rc5 Kf8 24. Rdc1 Rd5 25. b4 Ke7 26. f4 h5 27. Kf3 g6
28. h3 Rh8 29. Ke4 Ra8 30. Kd3 Rad8 31. Ke4 Rh8 32. a4 Rhd8 33. Rb1 Ra8 34. g4
hxg4 35. hxg4 f5+ 36. gxf5 gxf5+ 37. Kd3 Rh8 38. Rg1 Rd7 39. b5 axb5 40. axb5
Kd6 41. Rg6 Rf7 42. Re5 Re8 43. Kc4 Ree7 44. Rh6 Rf8 45. Rg6 Rff7 46. bxc6 bxc6
47. e4 fxe4 48. f5 Rf8 49. Kc3 Kc7 50. fxe6 Kd6 51. Rxe4 Rfe8 52. Kc4 Rxe6 53.
Rexe6+ Rxe6 54. Rxe6+ Kxe6 55. Kc5 Kd7 56. d5 cxd5 57. Kxd5 1/2-1/2

[Event "35th Zalakaros Open 2016"]
[Site "Zalakaros HUN"]
[Date "2016.05.27"]
[Round "1.49"]
[White "Tirelli, Mauro"]
[Black "Nasuta, Grzegorz"]
[Result "0-1"]
[BlackTitle "IM"]
[WhiteElo "2217"]
[BlackElo "2413"]
[WhiteFideId "845353"]
[BlackFideId "1141686"]
[EventDate "2016.05.27"]

1. e4 c5 2. Nf3 d6 3. d4 cxd4 4. Nxd4 Nf6 5. Nc3 a6 6. h3 e5 7. Nde2 h5 8. Bg5
Be7 9. Ng3 g6 10. Bc4 Nbd7 11. Qf3 b5 12. Bb3 Bb7 13. O-O b4 14. Bxf6 Nxf6 15.
Nd5 Nxd5 16. exd5 O-O 17. a3 a5 18. axb4 axb4 19. Bc4 Qc7 20. b3 h4 21. Ne2 Qb6
22. c3 bxc3 23. Nxc3 f5 24. Qe3 Qxe3 25. fxe3 e4 26. Nb5 Rfc8 27. Na7 Rc5 28.
Nc6 Bf6 29. Rxa8+ Bxa8 30. Rc1 Bxc6 31. b4 Rxc4 32. Rxc4 Bxd5 33. Rc7 Kf8 34. b5
Ke8 35. Kf2 Bd8 36. Rh7 g5 37. g3 hxg3+ 38. Kxg3 Bb6 39. Rh8+ Ke7 40. Rh7+ Ke6
41. h4 gxh4+ 42. Kf4 Bc4 43. Rh8 h3 44. Rxh3 Bxb5 45. Rh1 Be2 46. Rh7 Bg4 47.
Rb7 Ba5 48. Rb3 Bd8 49. Rb5 Bf6 50. Kg3 Bg5 51. Kf2 Bh4+ 52. Kf1 Bf3 53. Ra5 f4
54. exf4 e3 55. Kg1 e2 0-1

[Event "35th Zalakaros Open 2016"]
[Site "Zalakaros HUN"]
[Date "2016.05.27"]
[Round "1.50"]
[White "Karavade, Eesha"]
[Black "Boguszlavszkij, Jevgenyij"]
[Result "1-0"]
[WhiteTitle "IM"]
[BlackTitle "IM"]
[WhiteElo "2409"]
[BlackElo "2212"]
[WhiteFideId "5012600"]
[BlackFideId "700614"]
[EventDate "2016.05.27"]

1. d4 d5 2. c4 e6 3. Nc3 Nf6 4. cxd5 exd5 5. Bg5 c6 6. e3 Qb6 7. Qc2 Ne4 8. Bf4
Bf5 9. Bd3 Na6 10. a3 Qa5 11. Qa4 Qxa4 12. Nxa4 Nb8 13. Ne2 Nd7 14. f3 Ng3 15.
Bxf5 Nxf5 16. e4 Ne7 17. O-O-O g6 18. Nac3 Bg7 19. Bd6 Nb6 20. Rhe1 Nec8 21. Be5
O-O 22. exd5 Nxd5 23. Nxd5 cxd5 24. Nc3 Bh6+ 25. Kb1 f6 26. Bc7 a6 27. Nxd5 Na7
28. Nb6 Rae8 29. Rxe8 Rxe8 30. d5 Re2 31. d6 Bf4 32. Nd5 Be5 33. d7 1-0

[Event "35th Zalakaros Open 2016"]
[Site "Zalakaros HUN"]
[Date "2016.05.27"]
[Round "1.51"]
[White "Laliena Solanes, Luis"]
[Black "Meszaros, Tamas"]
[Result "1-0"]
[BlackTitle "IM"]
[WhiteElo "2205"]
[BlackElo "2409"]
[WhiteFideId "2212560"]
[BlackFideId "717410"]
[EventDate "2016.05.27"]

1. e4 e5 2. Nf3 Nc6 3. Bc4 Nf6 4. d3 Bc5 5. Nc3 a6 6. Bg5 h6 7. Bxf6 Qxf6 8. Nd5
Qd8 9. c3 d6 10. d4 Ba7 11. dxe5 Nxe5 12. Nxe5 dxe5 13. Qh5 O-O 14. Qxe5 Re8 15.
Qf4 Be6 16. O-O-O Qb8 17. Qg3 Bxd5 18. Bxd5 Re7 19. Qh4 Kf8 20. Rd3 c6 21. Bb3
Qc7 22. Rhd1 Rae8 23. f3 c5 24. Qg4 c4 25. Rd7 Qc5 26. Bc2 Qe3+ 27. Kb1 Bc5 28.
a3 b5 29. Qf5 Kg8 30. Rd8 Bb6 31. Rxe8+ Rxe8 32. Rd7 Rf8 33. e5 g6 34. Qf6 Qg1+
35. Ka2 Qxg2 36. Be4 Be3 37. Rxf7 Rxf7 38. Bd5 1-0

[Event "35th Zalakaros Open 2016"]
[Site "Zalakaros HUN"]
[Date "2016.05.27"]
[Round "1.52"]
[White "Cebalo, Miso"]
[Black "Michelle Catherina, P"]
[Result "1/2-1/2"]
[WhiteTitle "GM"]
[BlackTitle "WIM"]
[WhiteElo "2407"]
[BlackElo "2179"]
[WhiteFideId "14500094"]
[BlackFideId "5005736"]
[EventDate "2016.05.27"]

1. d4 Nf6 2. Bg5 d5 3. e3 e6 4. Nf3 c5 5. c3 Nc6 6. Nbd2 Be7 7. Bd3 b6 8. a3 Bb7
9. b4 cxb4 10. cxb4 h6 11. Bh4 O-O 12. O-O Rc8 13. Rc1 Ne4 14. Bxe7 Nxe7 15. Qa4
Rxc1 16. Rxc1 Nc8 17. Bxe4 dxe4 18. Ne5 Bd5 19. Qd7 Qxd7 20. Nxd7 Rd8 21. Rc7
Nd6 22. Ne5 Nb5 23. Rxf7 Rc8 24. f3 Rc1+ 25. Kf2 Rc2 26. Ke1 Rc1+ 27. Kf2 Rc2
28. Ke1 Rc1+ 1/2-1/2

[Event "35th Zalakaros Open 2016"]
[Site "Zalakaros HUN"]
[Date "2016.05.27"]
[Round "1.53"]
[White "Goczo, Melinda"]
[Black "Csonka, Balazs"]
[Result "0-1"]
[WhiteTitle "WIM"]
[BlackTitle "FM"]
[WhiteElo "2175"]
[BlackElo "2400"]
[WhiteFideId "711985"]
[BlackFideId "742910"]
[EventDate "2016.05.27"]

1. d4 Nf6 2. c4 g6 3. Nf3 Bg7 4. g3 c5 5. d5 O-O 6. Bg2 d6 7. Nc3 e6 8. O-O exd5
9. cxd5 Na6 10. h3 Re8 11. Nd2 Nc7 12. a4 b6 13. Re1 Ba6 14. e4 Qd7 15. Nf3 Bc4
16. g4 b5 17. Nd2 Bd3 18. e5 dxe5 19. d6 b4 20. Nce4 Nxe4 21. Nxe4 Bxe4 22. Bxe4
Rad8 23. Bg5 Ne6 24. Bxd8 Rxd8 25. Rc1 Bf8 26. Bd5 Nf4 27. Qb3 Bxd6 28. Rcd1 Qe7
29. Rd2 Kg7 30. Red1 Bc7 31. Bxf7 Rd4 32. Bc4 Qh4 33. Bf1 Qg5 34. Qe3 h5 35.
Rxd4 exd4 36. Qf3 Qe5 37. Bc4 d3 38. Bxd3 Qxb2 39. Bxg6 Kxg6 40. Qe4+ Kg5 41.
Qe7+ Kg6 42. Qe8+ Kh6 43. Qc6+ Kg5 44. Qxc5+ Qe5 45. Qxb4 Bb6 46. Re1 Bxf2+ 47.
Kxf2 Nd3+ 0-1

[Event "35th Zalakaros Open 2016"]
[Site "Zalakaros HUN"]
[Date "2016.05.27"]
[Round "1.54"]
[White "Ben Artzi, Ido"]
[Black "Nemec, Vjekoslav"]
[Result "1-0"]
[WhiteTitle "IM"]
[WhiteElo "2399"]
[BlackElo "2175"]
[WhiteFideId "2810913"]
[BlackFideId "14540274"]
[EventDate "2016.05.27"]

1. d4 g6 2. e4 Bg7 3. c4 d6 4. Nc3 e5 5. Nf3 exd4 6. Nxd4 Nc6 7. Be3 Nge7 8. Be2
O-O 9. O-O f5 10. Nxc6 bxc6 11. c5 fxe4 12. Nxe4 d5 13. Ng3 Bxb2 14. Rb1 Bg7 15.
Qa4 Qe8 16. h4 h6 17. Bd3 a5 18. Rfe1 Qf7 19. f3 Qf6 20. Bf2 Rf7 21. Rbd1 Bf5
22. Nxf5 Nxf5 23. h5 Ne7 24. Bh4 Qd4+ 25. Qxd4 Bxd4+ 26. Kf1 g5 27. Bf2 Bxf2 28.
Kxf2 Rb8 29. Rb1 Rxb1 30. Rxb1 Kg7 31. Rb7 Ng8 32. Ra7 Nf6 33. Bg6 Re7 34. Rxa5
Nd7 35. Bf5 Ne5 36. Ra8 Rf7 37. g4 Re7 38. a4 Nc4 39. Ra6 Re3 40. Ra7 Ra3 41.
Rxc7+ Kf6 42. Rxc6+ Ke5 43. Re6+ Kf4 44. c6 Rxf3+ 45. Ke2 Rc3 46. c7 1-0

[Event "35th Zalakaros Open 2016"]
[Site "Zalakaros HUN"]
[Date "2016.05.27"]
[Round "1.55"]
[White "Balokas, Dimitrios"]
[Black "Costachi, Mihnea"]
[Result "0-1"]
[BlackTitle "FM"]
[WhiteElo "2170"]
[BlackElo "2397"]
[WhiteFideId "4216920"]
[BlackFideId "1217518"]
[EventDate "2016.05.27"]

1. d4 Nf6 2. c4 g6 3. Nc3 Bg7 4. e4 d6 5. Bd3 O-O 6. Nge2 e5 7. d5 Nbd7 8. O-O
c6 9. Bc2 cxd5 10. cxd5 Ne8 11. Be3 f5 12. exf5 gxf5 13. f3 a5 14. Qd2 Nc5 15.
Rab1 Bd7 16. Kh1 b5 17. Bg5 Bf6 18. Bxf6 Qxf6 19. f4 e4 20. Nd4 Nc7 21. Nc6 Ra6
22. b4 Bxc6 23. dxc6 axb4 24. Nd5 Nxd5 25. Qxd5+ Qe6 26. Bb3 Qxd5 27. Bxd5+ Kg7
28. Rxb4 Ra5 29. Rd4 Rc8 30. Kg1 Kf6 31. Rfd1 Ra4 32. g3 Rxd4 33. Rxd4 Ne6 34.
Rd1 Nc7 35. g4 Nxd5 36. Rxd5 fxg4 37. Rxd6+ Kf5 38. Kf2 Kxf4 39. Ke2 b4 40. Rf6+
Ke5 41. Rh6 Kd4 42. Kd2 Rc7 43. Ke2 Ra7 44. Rd6+ Kc5 45. Rd2 Kxc6 46. Ke3 Ra3+
47. Kxe4 Rh3 48. Kd4 Kb5 49. Kd5 h5 50. Kd6 Ka4 51. Kc5 Rf3 52. Rd8 Rf5+ 53. Kc4
Rf4+ 54. Kc5 Ka3 55. Rd2 h4 56. Re2 g3 57. hxg3 hxg3 58. Rg2 Rg4 59. Kd5 Rg5+
60. Kc4 Ka4 61. Kd4 Rf5 62. Rxg3 Rf2 63. a3 b3 64. Kc3 Kxa3 65. Rg8 Rc2+ 66. Kd3
Rc5 0-1

[Event "35th Zalakaros Open 2016"]
[Site "Zalakaros HUN"]
[Date "2016.05.27"]
[Round "1.56"]
[White "Farago, Ivan"]
[Black "Laza, Szabolcs"]
[Result "1-0"]
[WhiteTitle "GM"]
[WhiteElo "2391"]
[BlackElo "2168"]
[WhiteFideId "700134"]
[BlackFideId "741345"]
[EventDate "2016.05.27"]

1. d4 d5 2. c4 c6 3. Nc3 Nf6 4. Nf3 e6 5. e3 Nbd7 6. Qc2 Bd6 7. Bd3 dxc4 8. Bxc4
b5 9. Be2 Bb7 10. O-O O-O 11. e4 e5 12. dxe5 Nxe5 13. Nd4 Neg4 14. g3 Bc5 15.
Nf5 Qb6 16. Kg2 Rad8 17. f3 Ne3+ 18. Bxe3 Bxe3 19. Rad1 Bc5 20. e5 Nd5 21. Ne4
Ne3+ 22. Nxe3 Bxe3 23. Nd6 Ba8 24. f4 c5+ 25. Bf3 Bxf3+ 26. Rxf3 c4 27. f5 Bd4
28. Qe4 Bxb2 29. f6 g6 30. Qf4 Bxe5 31. Qxe5 Rfe8 32. Qf4 Re2+ 33. Kh3 Qc5 34.
Nf5 Rde8 35. Qh6 Qf8 36. Ne7+ Kh8 37. Qxf8+ Rxf8 38. a3 h5 39. Rd5 Rb2 40. Kh4
a6 41. h3 Rh2 42. Rxh5+ gxh5 43. Rf5 1-0

[Event "35th Zalakaros Open 2016"]
[Site "Zalakaros HUN"]
[Date "2016.05.28"]
[Round "2.1"]
[White "Efimenko, Zahar"]
[Black "Puranik, Abhimanyu"]
[Result "0-1"]
[WhiteTitle "GM"]
[BlackTitle "IM"]
[WhiteElo "2656"]
[BlackElo "2452"]
[WhiteFideId "14107201"]
[BlackFideId "5061245"]
[EventDate "2016.05.27"]

1. Nf3 Nf6 2. g3 g6 3. b3 Bg7 4. Bb2 O-O 5. Bg2 d6 6. d4 c5 7. c4 Qa5+ 8. Nc3
Ne4 9. Rc1 Nc6 10. O-O Bf5 11. e3 Nxc3 12. Bxc3 Qc7 13. Nh4 Bd7 14. d5 Na5 15.
f4 b5 16. cxb5 Bxb5 17. Re1 Qb6 18. Kh1 Bxc3 19. Rxc3 Bd7 20. e4 Rac8 21. Qc1 c4
22. bxc4 Qf2 23. Rc2 Qc5 24. Nf3 Rb8 25. Nd2 Rb4 26. e5 Bf5 27. Rc3 Rfb8 28. h3
h5 29. Rce3 Qd4 30. exd6 exd6 31. Nf3 Qf6 32. Qc3 Qxc3 33. Rxc3 Nxc4 34. Nd4 Ne3
35. Nxf5 Nxf5 36. Ra3 h4 37. gxh4 Nxh4 38. f5 Nxf5 39. Rxa7 Rb2 40. Ra3 Nh4 41.
Rg1 R8b4 42. Bf1 Rf4 0-1

[Event "35th Zalakaros Open 2016"]
[Site "Zalakaros HUN"]
[Date "2016.05.28"]
[Round "2.2"]
[White "Butkiewicz, Lukasz"]
[Black "Rakhmanov, Aleksandr"]
[Result "1/2-1/2"]
[WhiteTitle "IM"]
[BlackTitle "GM"]
[WhiteElo "2429"]
[BlackElo "2654"]
[WhiteFideId "1122428"]
[BlackFideId "4173708"]
[EventDate "2016.05.27"]

1. e4 d5 2. exd5 Qxd5 3. Nc3 Qd6 4. d4 Nf6 5. Nf3 g6 6. Nb5 Qb6 7. Na3 Be6 8. c3
Bg7 9. Nc4 Bxc4 10. Bxc4 O-O 11. O-O e6 12. Qe2 Nbd7 13. a4 a5 14. Bf4 Rfe8 15.
h3 Nh5 16. Bh2 Bh6 17. Ne5 Nxe5 18. Bxe5 Bf4 19. Rab1 Bxe5 20. Qxe5 Qd6 21. Rfe1
Red8 22. g3 b6 23. Rbd1 Rab8 24. Be2 Ng7 25. Bf3 c6 26. g4 Ne8 27. h4 b5 28.
Qxd6 Rxd6 29. axb5 Rxb5 30. Rd2 Nc7 31. Ra1 e5 32. Be2 Rc5 33. Rad1 exd4 34.
cxd4 Rcd5 35. Bc4 Ne6 36. Bxd5 Rxd5 37. Kf1 h5 38. f3 Kf8 39. Kf2 Ke7 40. Ke3
Kd6 41. Rc2 Rb5 42. Rdc1 Kd5 43. Rxc6 hxg4 44. fxg4 Rxb2 45. R1c5+ Nxc5 46.
Rxc5+ Ke6 47. Rxa5 Rh2 48. h5 gxh5 49. Rxh5 Rg2 50. Kf3 Rd2 51. Rh6+ f6 52. g5
Kf5 53. gxf6 Rd3+ 1/2-1/2

[Event "35th Zalakaros Open 2016"]
[Site "Zalakaros HUN"]
[Date "2016.05.28"]
[Round "2.3"]
[White "Ivanisevic, Ivan"]
[Black "Gazik, Viktor"]
[Result "1/2-1/2"]
[WhiteTitle "GM"]
[BlackTitle "FM"]
[WhiteElo "2646"]
[BlackElo "2433"]
[WhiteFideId "912417"]
[BlackFideId "14928752"]
[EventDate "2016.05.27"]

1. d4 f5 2. c4 Nf6 3. Nc3 g6 4. f3 Nc6 5. e4 fxe4 6. fxe4 e5 7. dxe5 Nxe5 8. Nf3
Nfg4 9. Bf4 Bg7 10. c5 d6 11. cxd6 Qxd6 12. Qxd6 cxd6 13. Nxe5 Nxe5 14. Rd1 O-O
15. Bg3 Bd7 16. Rxd6 Bc6 17. Be2 Rae8 18. Rf1 Nf7 19. Rd3 Bxc3+ 20. Rxc3 Rxe4
21. Rf4 Rxf4 22. Bxf4 Bxg2 23. Rc7 Bd5 24. b3 Re8 25. Kd2 g5 26. Bg3 Rd8 27. Kc3
a6 28. Kb4 Kg7 29. Bh5 Kf6 30. Be1 Ne5 31. Bc3 Kf5 32. Rxh7 Rc8 33. Bxe5 Kxe5
34. Rg7 Kf6 35. Rd7 Ke5 36. Re7+ Kd6 37. Re2 Rh8 38. Bg6 Rh6 39. Bd3 Rh4+ 40.
Ka5 Rd4 41. Bg6 Kc5 42. Rc2+ Kd6 43. Rf2 Rf4 44. Rd2 Kc5 45. b4+ Kd6 46. a3 Ke5
47. Re2+ Kd6 48. Kb6 Rf3 49. Be4 Bxe4 50. Rxe4 Rxa3 51. Kxb7 Ra4 52. Rc4 Kd5 53.
Rg4 Ke6 54. h4 a5 1/2-1/2

[Event "35th Zalakaros Open 2016"]
[Site "Zalakaros HUN"]
[Date "2016.05.28"]
[Round "2.4"]
[White "Berkes, Ferenc"]
[Black "Nguyen, Thai Dai Van"]
[Result "1-0"]
[WhiteTitle "GM"]
[BlackTitle "FM"]
[WhiteElo "2636"]
[BlackElo "2438"]
[WhiteFideId "718572"]
[BlackFideId "358878"]
[EventDate "2016.05.27"]

1. d4 Nf6 2. Nf3 d5 3. Bf4 c5 4. e3 Nc6 5. Nbd2 cxd4 6. exd4 Bf5 7. c3 e6 8. Qb3
Qc8 9. Nh4 Bg4 10. h3 Bh5 11. g4 Bg6 12. Nxg6 hxg6 13. Be2 Be7 14. h4 Qd7 15.
O-O-O O-O-O 16. Kb1 Bd6 17. Be3 Qc7 18. Rc1 Kb8 19. c4 dxc4 20. Nxc4 Nd5 21. h5
gxh5 22. gxh5 Na5 23. Nxa5 Qxa5 24. Rhg1 Rc8 25. Bf3 Rxc1+ 26. Bxc1 Rc8 27. Rxg7
Nc3+ 28. Ka1 Nb5 29. Rg1 Qc7 30. Qd1 Nxd4 31. Be4 Be5 32. h6 f5 33. Bd3 Qa5 34.
Kb1 Qc7 35. Be3 Qd7 36. Bf1 Rd8 37. f4 Bf6 38. Bg2 Qb5 39. a4 Qd7 40. Rh1 e5 41.
h7 Qg7 42. Bd5 Qg3 43. Qg1 Qxg1+ 44. Rxg1 Rxd5 45. fxe5 Rxe5 46. Bxd4 Re7 47.
Bxf6 Rxh7 48. Rg5 Rh1+ 49. Kc2 Rf1 50. Rg7 a5 51. Bd8 Rf2+ 52. Kb3 Rf3+ 53. Ka2 1-0

[Event "35th Zalakaros Open 2016"]
[Site "Zalakaros HUN"]
[Date "2016.05.28"]
[Round "2.5"]
[White "Nasuta, Grzegorz"]
[Black "Onischuk, Vladimir"]
[Result "1/2-1/2"]
[WhiteTitle "IM"]
[BlackTitle "GM"]
[WhiteElo "2413"]
[BlackElo "2628"]
[WhiteFideId "1141686"]
[BlackFideId "14114038"]
[EventDate "2016.05.27"]

1. e4 e6 2. d4 d5 3. Nc3 Bb4 4. e5 c5 5. a3 Bxc3+ 6. bxc3 Qa5 7. Bd2 Qa4 8. Qg4
g6 9. Qd1 Nc6 10. Nf3 b6 11. c4 Nge7 12. dxc5 dxc4 13. cxb6 axb6 14. Be2 Ba6 15.
O-O O-O-O 16. Qc1 Nd5 17. Bb4 c3 18. Bxa6+ Qxa6 19. Ng5 Nd4 20. Kh1 Ne2 21. Qe1
Rd7 22. Ne4 Qc4 23. Nd6+ Rxd6 24. Bxd6 h5 25. Rd1 h4 26. h3 g5 27. Rd3 Nef4 28.
Re3 Qc6 29. Rf3 f5 30. exf6 Qxd6 31. Qe4 Kb8 32. f7 Nf6 33. Qe3 Rf8 34. Rb1 N6d5
35. Qe4 Rxf7 36. g3 hxg3 37. fxg3 Nh5 38. Kg2 Rxf3 39. Qxf3 Nhf6 40. Re1 Kc7 41.
Qd3 e5 42. Qf5 e4 43. Qxg5 Qe6 44. h4 e3 45. Qg7+ Kc6 46. Qg6 Ne7 47. Qd3 Nf5
48. Rf1 Ne4 49. Rxf5 Qxf5 50. Qxe3 Qd5 51. Kh3 Qf5+ 52. Kg2 Kd5 53. Qxb6 Nc5 54.
Qd8+ Kc4 55. Qd1 Qe4+ 56. Kf2 Qf5+ 57. Kg2 Qe4+ 58. Kf2 Qf5+ 1/2-1/2

[Event "35th Zalakaros Open 2016"]
[Site "Zalakaros HUN"]
[Date "2016.05.28"]
[Round "2.6"]
[White "Banusz, Tamas"]
[Black "Livaic, Leon"]
[Result "1/2-1/2"]
[WhiteTitle "GM"]
[BlackTitle "FM"]
[WhiteElo "2621"]
[BlackElo "2428"]
[WhiteFideId "722413"]
[BlackFideId "14531534"]
[EventDate "2016.05.27"]

1. Nf3 Nf6 2. c4 b6 3. Nc3 Bb7 4. d4 e6 5. a3 d5 6. cxd5 Nxd5 7. Qc2 Be7 8. e4
Nxc3 9. bxc3 c5 10. Bb5+ Bc6 11. Bd3 Nd7 12. O-O O-O 13. a4 cxd4 14. cxd4 Rc8
15. Qe2 Bb7 16. Bf4 Nf6 17. Rfb1 Rc3 18. Re1 Qa8 19. Bd2 Rxd3 20. Qxd3 Bxe4 21.
Qe2 Bxf3 22. Qxf3 Qxf3 23. gxf3 a5 24. Rec1 Nd5 25. Rc6 Bb4 26. Be3 h6 27. Kf1
Kh7 28. Ke2 1/2-1/2

[Event "35th Zalakaros Open 2016"]
[Site "Zalakaros HUN"]
[Date "2016.05.28"]
[Round "2.7"]
[White "Csonka, Balazs"]
[Black "Papp, Gabor1"]
[Result "1/2-1/2"]
[WhiteTitle "FM"]
[BlackTitle "GM"]
[WhiteElo "2400"]
[BlackElo "2596"]
[WhiteFideId "742910"]
[BlackFideId "718602"]
[EventDate "2016.05.27"]

1. Nf3 c5 2. c4 Nc6 3. Nc3 e5 4. g3 g6 5. Bg2 Bg7 6. d3 Nge7 7. Bd2 O-O 8. O-O
d6 9. a3 a5 10. Rb1 h6 11. Ne1 Be6 12. Nd5 Bxd5 13. cxd5 Nb8 14. Nc2 Nd7 15. Ne3
f5 16. Qb3 Qc7 17. Qb5 b6 18. Nc4 Rfb8 19. f4 Kh7 20. e4 Rb7 1/2-1/2

[Event "35th Zalakaros Open 2016"]
[Site "Zalakaros HUN"]
[Date "2016.05.28"]
[Round "2.8"]
[White "Prohaszka, Peter2"]
[Black "Karavade, Eesha"]
[Result "1/2-1/2"]
[WhiteTitle "GM"]
[BlackTitle "IM"]
[WhiteElo "2593"]
[BlackElo "2409"]
[WhiteFideId "726265"]
[BlackFideId "5012600"]
[EventDate "2016.05.27"]

1. Nf3 Nf6 2. c4 g6 3. b3 Bg7 4. Bb2 O-O 5. g3 b6 6. Bg2 Bb7 7. d4 c5 8. dxc5
bxc5 9. O-O d6 10. Nc3 Ne4 11. Qc1 Nxc3 12. Bxc3 Nd7 13. Re1 Bxc3 14. Qxc3 Nf6
15. Nh4 Bxg2 16. Nxg2 a5 17. e4 a4 18. e5 dxe5 19. Rad1 Qb6 20. Qxe5 axb3 21.
axb3 Rfe8 22. Rd3 Rad8 23. Rf3 Qc6 24. Rf4 Rd6 25. Qg5 Rb8 26. Rxe7 1/2-1/2

[Event "35th Zalakaros Open 2016"]
[Site "Zalakaros HUN"]
[Date "2016.05.28"]
[Round "2.9"]
[White "Costachi, Mihnea"]
[Black "Vajda, Levente"]
[Result "0-1"]
[WhiteTitle "FM"]
[BlackTitle "GM"]
[WhiteElo "2397"]
[BlackElo "2581"]
[WhiteFideId "1217518"]
[BlackFideId "1203975"]
[EventDate "2016.05.27"]

1. d4 d5 2. c4 e6 3. Nc3 Nf6 4. cxd5 exd5 5. Bg5 Be7 6. e3 c6 7. Bd3 Nbd7 8. h3
O-O 9. Qc2 Re8 10. Nf3 Nf8 11. Bf4 Bd6 12. Bxd6 Qxd6 13. O-O-O b5 14. Kb1 Qd8
15. g4 a5 16. Ne5 Bb7 17. g5 N6d7 18. Nxd7 Qxd7 19. e4 Qe7 20. exd5 b4 21. d6
Qxg5 22. Ne4 Qh6 23. Rhg1 Rad8 24. Rg3 Bc8 25. Rdg1 Ng6 26. Ng5 Rxd6 27. Bc4 Rf6
28. Nxf7 Rxf7 29. Bxf7+ Kxf7 30. Rf3+ Nf4 31. Qc4+ Be6 32. d5 Bf5+ 33. Ka1 Re4
34. Qc1 cxd5 35. Qc7+ Ke8 36. Qb8+ Ke7 37. Qc7+ Bd7 38. Qc5+ Ke8 39. Qxa5 Qe6
40. Rc1 Qc6 41. Rd1 Qc2 42. Rg1 Qd2 43. Re3 Rxe3 44. fxe3 Qxe3 45. Rf1 Qe2 46.
Rg1 Qf2 47. Qa8+ Kf7 48. Rc1 Qd2 49. Rg1 Qd4 50. Rf1 Bxh3 51. Qb7+ Kf6 52. Qc6+
Kg5 53. Rh1 Bg2 54. Re1 Nd3 55. Rb1 h5 56. Qe6 h4 57. Qe7+ Kh6 58. Qe6+ g6 59.
Qf7 h3 60. Qf8+ Kh5 61. Qf7 Be4 62. Qf1 Kh4 63. Qf8 Nxb2 64. Qe7+ g5 0-1